=LDR 00000nam 2200000 4500 =001 INLIS000000000037294 =005 20161228095631.0 =006 =007 =008 Ind =035 ##$$0010-061300000037294 =041 ##$$a Ind =082 ##$$a 342.087 =090 ##$$a 342.087, Sup k =100 ##$$a Supeno, Hadi =245 ##$$a Kriminalisasi anak, Tawaran gagasan radikal peradilan anak tanpa pemidanaan/ Hadi Supeno =260 ##$$a 2010 $b Jakarta =300 ##$$a xii, 280 hlm., 23 cm =650 ##$$a Anak Dalam Hukum =850 ##$$a NBPNMAT =990 ##$$a 0001/BPAP-NTB/2015